00000000nam##2200000za#4500
0019.601952
003CaOODSP
00520210624210325
007cr |||||||||||
008150406|1998||||xxc|||||o    f|0| 0 fre|d
040 |aCaOODSP|bfre
043 |an-cn---
0861 |aTU3-5/98-47F-PDF
1102 |aBureau de la sécurité des transports du Canada.
24510|aCollision avec des arbres, Knighthawk Air Express Limited, Dassault-Breguet Falcon 20D C-GTAK, St. John's (Terre-Neuve), le 30 décembre 1998 |h[ressource électronique]
260 |aGatineau - Québec : |bBureau de la sécurité des transports du Canada |c[2000].
300 |a17p.|bglossaire, tableaux, photographies
4901 |aRapport d'enquête aéronautique |vA98A0191
500 |a«Le Bureau a autorisé la publication du rapport le 7 juin 2000.»--p.16 de 17.
590 |a12-19-Supp|b2012-04-30
77508|tCollision with trees, Knighthawk Air Express Limited, Dassault-Breguet Falcon 20D C-GTAK, St. John's, Newfoundland, 30 December 1998 |w(CaOODSP)9.571338
830#0|aRapport d'enquête aéronautique ;|vA98A0191|w(CaOODSP)9.501229
85640|ahttp://publications.gc.ca|qPDF|s181 Ko|uhttps://publications.gc.ca/collections/collection_2011/bst-tsb/TU3-5-98-47-fra.pdf|yA98A0191